Loading...
| Science - Biology | 0 | 6 | 3 | 1 | 45 | 86 | 111.33 | 0 | 1 |
| History - World History | 0 | 4 | 0 | 2 | 40 | 72 | 115.50 | 0 | 1 |
| Science - Chemistry | 0 | 4 | 1 | 1 | 35 | 48 | 101.50 | 0 | 1 |
| History - Other History | 0 | 3 | 0 | 1 | 30 | 128 | 129.00 | 0 | 0 |
| Current Events | 0 | 2 | 0 | 1 | 20 | 103 | 116.50 | 0 | 0 |
| History - European History | 0 | 2 | 0 | 0 | 20 | 108 | 125.00 | 0 | 0 |
| Fine Arts - Classical Music | 0 | 1 | 0 | 1 | 10 | 147 | 147.00 | 0 | 0 |
| Science - Physics | 0 | 1 | 0 | 1 | 10 | 136 | 136.00 | 0 | 0 |
| Other Academic | 0 | 1 | 0 | 0 | 10 | 108 | 108.00 | 0 | 0 |
| Fine Arts - Other Fine Arts | 0 | 1 | 1 | 0 | 5 | 111 | 111.00 | 0 | 0 |
| Geography | 0 | 1 | 1 | 0 | 5 | 150 | 150.00 | 0 | 0 |
| Science - Other Science | 0 | 1 | 2 | 1 | 0 | 129 | 129.00 | 0 | 0 |
| History - American History | 0 | 0 | 1 | 0 | -5 | 0.00 | 0 | 0 | |
| Fine Arts - Painting & Sculpture | 0 | 0 | 1 | 0 | -5 | 0.00 | 0 | 0 | |
| Literature - European Literature | 0 | 0 | 1 | 0 | -5 | 0.00 | 0 | 0 | |
| Religion | 0 | 0 | 1 | 0 | -5 | 0.00 | 0 | 0 |